Economics of social issues / (Record no. 57659)
[ view plain ]
| 000 -LEADER | |
|---|---|
| fixed length control field | 00911nam a2200313 a 4500 |
| 001 - CONTROL NUMBER | |
| control field | 57659 |
| 003 - CONTROL NUMBER IDENTIFIER | |
| rucl marc code | BD-RjUL |
| 005 - DATE AND TIME OF LATEST TRANSACTION | |
| control field | 20211209080535.0 |
| 008 - FIXED-LENGTH DATA ELEMENTS--GENERAL INFORMATION | |
| fixed length control field | 111216s1982 txua b 001 0 eng |
| 020 ## - INTERNATIONAL STANDARD BOOK NUMBER | |
| International Standard Book Number | 0256027013 (pbk.) |
| 035 ## - SYSTEM CONTROL NUMBER | |
| System control number | (BD-RjUL) 57783 |
| System control number | (OCoLC)08268931 |
| System control number | GLIS00180403 |
| 040 ## - CATALOGING SOURCE | |
| Original cataloging agency | DLC |
| Transcribing agency | DLC |
| Modifying agency | MYG |
| Language of cataloging | BD-RjUL |
| 041 ## - LANGUAGE CODE | |
| Language code of text/sound track or separate title | eng |
| 082 ## - DEWEY DECIMAL CLASSIFICATION NUMBER | |
| Edition number | 23 |
| Classification number | 330 |
| Author mark and year | LEE 1982 |
| 099 ## - LOCAL FREE-TEXT CALL NUMBER (OCLC) | |
| Bangla Class number | HB171.5.L3747 1982 |
| 100 1# - MAIN ENTRY--PERSONAL NAME | |
| Personal name | Leftwich, Richard H. |
| 9 (RLIN) | 171222 |
| 245 10 - TITLE STATEMENT | |
| Title | Economics of social issues / |
| Statement of responsibility, etc. | Richard H. Leftwich, Ansel M. Sharp. |
| 250 ## - EDITION STATEMENT | |
| Edition statement | 5th ed. |
| 260 ## - PUBLICATION, DISTRIBUTION, ETC. (IMPRINT) | |
| Place of publication, distribution, etc. | Plano, Tex. : |
| Name of publisher, distributor, etc. | Business Publications ; |
| Date of publication, distribution, etc. | 1982. |
| 300 ## - PHYSICAL DESCRIPTION | |
| Pagination | x, 380 p. : |
| Illustrations | ill. ; |
| Size | 23 cm. |
| 504 ## - BIBLIOGRAPHY, ETC. NOTE | |
| Bibliography, etc | Includes bibliographies and index. |
| 650 #0 - SUBJECT ADDED ENTRY--TOPICAL TERM | |
| Topical term or geographic name as entry element | Economics. |
| 9 (RLIN) | 170576 |
| Topical term or geographic name as entry element | Social problems. |
| 9 (RLIN) | 170755 |
| 700 1# - ADDED ENTRY--PERSONAL NAME | |
| Personal name | Sharp, Ansel Miree, |
| 942 ## - ADDED ENTRY ELEMENTS (KOHA) | |
| Source of classification or shelving scheme | Dewey Decimal Classification |
| Koha item type | Books |
| Lost status | Source of classification or shelving scheme | Damaged status | Not for loan | Collection code | Permanent Location | Current Location | Shelving location | Date acquired | Source of acquisition | Total Checkouts | Full call number | Date last seen | Copy number | Koha item type |
|---|---|---|---|---|---|---|---|---|---|---|---|---|---|---|
| Dewey Decimal Classification | Non-fiction | Central Library, University of Rajshahi | Central Library, University of Rajshahi | 20/11/2003 | Asia Foundation | 330 LEE 1982 | 11/12/2016 | C-2 | Books | |||||
| Dewey Decimal Classification | Not For Loan | Non-fiction | Central Library, University of Rajshahi | Central Library, University of Rajshahi | Reading Room | 11/01/1985 | Ahashan mission, Dhaka | 330 LEE 1982 | 17/12/2016 | C-1 | Books |